000
00336nam a2200133Ia 4500
008
240624s9999 xx 000 0 und d
041
_a
eng
082
_a
658.3 WEI
100
_a
WEIGHTMAN JANE
245
_a
MANAGING HUMAN RESOURCES
260
_c
2003
_a
Mumbai
_b
Jaico Publishing House
300
_a
ix, : 174 : p. : cm. ; 22
365
_c
RS
999
_c
798
_d
798